01679cam a2200445 a 45000010008000000030004000080050017000120060019000290070015000480080041000630200018001040200018001220350026001400380012001660400029001780500023002070500014002300820015002441000028002592100039002872450093003262600031004194900043004505000024004935040051005175060043005685630014006116500060006256500050006856500032007356550034007677100022008017730055008238300039008788560137009179100034010549420012010889990017011009520116011179390211OSt20210920162855.0m d cr n 101130s2011 gw ad sb 001 0 eng d z9787040315349 z9783642181009 a(WaSeSS)ssj0000609763 akhadija aCaPaEBRcCaPaEBRdWaSeSS 4aQA402b.P48 2011eb 4aQC20.7.N6 a519.2bPET1 aPetráš, Ivo.98253710aFractional-order nonlinear systems10aFractional-order nonlinear systemsbmodeling, analysis and simulation /cIvo Petráš. aBerlin :bSpringer,c2011.1 aNonlinear physical science,x1867-8440 a"With 119 figures." aIncludes bibliographical references and index. aLicense restrictions may limit access. ahardcover 0aChaotic behavior in systemsxSimulation methods.982538 0aNonlinear systemsxSimulation methods.982539 0aFractional calculus.982540 7aElectronic books.2local96212 aebrary, Inc.9622 0tSpringerLink ebooks - Physics and Astronomy (2011) 0aNonlinear physical science.98254140uhttp://www.columbia.edu/cgi-bin/cul/resolve?clio9390211zFull text available from SpringerLink ebooks - Physics and Astronomy (2011) aVendor-generated brief record 2ddccBK c33196d33196 00102ddc4070aSMMEbSMMEcGENd2016-01-05o519.2 PETpSMME-1957r2018-03-29w2016-01-05yBKzRack,47-Shelf,4